Thames Valley office market's new low (Record no. 71084)
[ view plain ]
| 000 -LEADER | |
|---|---|
| fixed length control field | 01068cam a2200217 4500 |
| 001 - CONTROL NUMBER | |
| control field | WB3832-07 |
| 008 - FIXED-LENGTH DATA ELEMENTS--GENERAL INFORMATION | |
| fixed length control field | 020904n2002 000 0 eng u |
| 035 ## - SYSTEM CONTROL NUMBER | |
| System control number | (Sirsi) u119561 |
| 245 ## - TITLE STATEMENT | |
| Title | Thames Valley office market's new low |
| 260 ## - PUBLICATION, DISTRIBUTION, ETC. | |
| Date of publication, distribution, etc. | 2002 |
| 490 ## - SERIES STATEMENT | |
| Series statement | RICS Corporate Occupiers Group News |
| Volume/sequential designation | 4 September 2002 (1) |
| 520 ## - SUMMARY, ETC. | |
| Summary, etc. | New Insignia Richard Ellis research indicates the Thames Valley office market has slumped further as take-up in the area reached just 1.2m sq ft in the first half of 2002, down 50% in the same period last year. IRE believe that the slowdown is mainly due to the continuing problems in the IT and telecommunications sectors, both of which dominate the Thames Valley market. IRE market report http://www.richardellis.co.uk/pdf/M25&ThamesV_H1_%202002.pdf |
| 590 ## - LOCAL NOTE (RLIN) | |
| Local note | WB |
| 650 ## - SUBJECT ADDED ENTRY--TOPICAL TERM | |
| Topical term or geographic name entry element | INSIGNIA RICHARD ELLIS |
| 650 ## - SUBJECT ADDED ENTRY--TOPICAL TERM | |
| Topical term or geographic name entry element | PROPERTY-COMMERCIAL PROPERTY-OFFICE PROPERTY-OFFICE PROPERTY MARKET |
| 650 ## - SUBJECT ADDED ENTRY--TOPICAL TERM | |
| Topical term or geographic name entry element | OFFICE SPACE |
| 650 ## - SUBJECT ADDED ENTRY--TOPICAL TERM | |
| Topical term or geographic name entry element | DOWNTURN |
| 650 ## - SUBJECT ADDED ENTRY--TOPICAL TERM | |
| Topical term or geographic name entry element | OFFICE RENTS |
| 690 ## - LOCAL SUBJECT ADDED ENTRY--TOPICAL TERM (OCLC, RLIN) | |
| Topical term or geographic name as entry element | PROPERTY-COMMERCIAL PROPERTY |
| 942 ## - ADDED ENTRY ELEMENTS (KOHA) | |
| Suppress in OPAC | 0 |
| Withdrawn status | Lost status | Source of classification or shelving scheme | Damaged status | Not for loan | Home library | Current library | Shelving location | Date acquired | Total Checkouts | Full call number | Barcode | Date last seen | Copy number | Price effective from | Koha item type |
|---|---|---|---|---|---|---|---|---|---|---|---|---|---|---|---|
| Dewey Decimal Classification | London | London | News article | 04/09/2002 | WB3832-07 | 119561-1001 | 06/08/2019 | 1 | 06/08/2019 | News article |